Religión, cultura y sociedad en Colombia : Medellín y Antioquia, 1850-1930 /
Estudio sociohistórico centrado en las relaciones entre las clases sociales en el departamento de Antioquia, Colombia y en su capital, Medellín, durante los años 1850-1930, un período de relativa estabilidad y crecimiento económico durante el que la jurisdicción antioqueña gozó de fama por su armoní...
Збережено в:
| Автор: | |
|---|---|
| Формат: | Книга |
| Мова: | Іспанська |
| Опубліковано: |
Bogotá, Colombia :
Fondo de Cultura Económica,
2004, c2004
|
| Серія: | (Tierra Firme. Continente Americano)
|
| Предмети: | |
| Теги: |
Немає тегів, Будьте першим, хто поставить тег для цього запису!
|
MARC
| LEADER | 00000nam^a2200000^a^4500 | ||
|---|---|---|---|
| 001 | 000183482 | ||
| 005 | 20250521000000.0 | ||
| 009 | 20260310102041.446 | ||
| 020 | |a 958-8249-02-3 | ||
| 037 | |a Acervo ITESO - Biblioteca | ||
| 041 | |a ESP | ||
| 082 | |a 986. 12606 |b LON | ||
| 100 | |a Londoño Vega, Patricia |e (autor) | ||
| 245 | 1 | 0 | |a Religión, cultura y sociedad en Colombia : |b Medellín y Antioquia, 1850-1930 / |c P. Londoño Vega ; tr. por Carlos José Restrepo. |
| 264 | 4 | |a Bogotá, Colombia : |b Fondo de Cultura Económica, |c 2004, c2004 | |
| 300 | |a XVII, 449 p. | ||
| 336 | |a texto |b txt |2 rdacontenido | ||
| 337 | |a sin mediación |b n |2 rdamedio | ||
| 338 | |a volumen |b nc |2 rdasoporte | ||
| 440 | 1 | |a (Tierra Firme. |p Continente Americano) | |
| 500 | |a Traducción de: Religion, Culture and Society in Colombia: Medellín and Antioquia, 1850-1930 | ||
| 520 | |a Estudio sociohistórico centrado en las relaciones entre las clases sociales en el departamento de Antioquia, Colombia y en su capital, Medellín, durante los años 1850-1930, un período de relativa estabilidad y crecimiento económico durante el que la jurisdicción antioqueña gozó de fama por su armonía y cohesión social. La investigación presenta las interrelaciones entre los distintos grupos sociales y los factores que estrechaban o ampliaban las distancias entre ellos, a través de la descripción de entidades, grupos y asociaciones voluntarias que surgieron durante el período y reunieron a un creciente número de antioqueños en torno a objetivos píos, filantrópicos, educativos y culturales. La Iglesia Católica desarrolló un importante papel en el entramado asociativo de Antioquia y su actuación rebate los supuestos comunes, según los cuales en el contexto hispanoamericano la religión se contrapone siempre a la modernización social y cultural. | ||
| 649 | |a XX | ||
| 650 | |a Clases Sociales - |z Antioquia, Colombia - |x Historia | ||
| 650 | |a Instituciones de Beneficencia - |z Antioquia, Colombia - |x Historia | ||
| 650 | |a Asociaciones Civiles - |z Antioquia, Colombia - |x Historia | ||
| 650 | |a Instituciones Religiosas - |z Antioquia, Colombia - |x Historia | ||
| 650 | |a Iglesia y Estado - |z Antioquia, Colombia - |x Historia | ||
| 650 | |a Iglesia Católica en Antioquia, Colombia - |x Historia | ||
| 650 | |a Política y Religión - |z Antioquia, Colombia - |x Historia | ||
| 650 | |a Sociología de la Religión | ||
| 650 | |a Asistencia Social - |z Antioquia, Colombia - |x Historia | ||
| 650 | |a Interacción Social - |z Antioquia, Colombia - |x Historia | ||
| 650 | |a Cohesión Social - |z Antioquia, Colombia - |x Historia | ||
| 650 | |a Historia Social - |z Antioquia, Colombia | ||
| 650 | |a Medellín, Colombia - |x Historia - |y 1832-1863 | ||
| 650 | |a Medellín, Colombia - |x Historia - |y 1863-1886 | ||
| 650 | |a Medellín, Colombia - |x Historia - |y 1886-1930 | ||
| 650 | |a Medellín, Colombia - |x Historia - |y Siglo XIX | ||
| 650 | |a Medellín, Colombia - |x Historia - |y Siglo XX | ||
| 650 | |a Antioquia, Colombia - |x Historia - |y 1832-1863 | ||
| 650 | |a Antioquia, Colombia - |x Historia - |y 1863-1886 | ||
| 650 | |a Antioquia, Colombia - |x Historia - |y 1886-1930 | ||
| 650 | |a Antioquia, Colombia - |x Historia - |y Siglo XIX | ||
| 650 | |a Antioquia, Colombia - |x Historia - |y Siglo XX | ||
| 910 | |a Fondo General | ||
| 920 | |a Impresos - Libros | ||
| 930 | |a Colección General | ||
| 905 | |a 101 | ||
| 901 | |a 0500123595 |b IT1 |c ACC |u 20250521 | ||
| 902 | |a https://opac.biblio.iteso.mx/vufind/Record/000183482 | ||